Wandering stars : (Record no. 29651)

000 -LEADER
fixed length control field 00470 a2200157 4500
003 - CONTROL NUMBER IDENTIFIER
control field NUST
005 - DATE AND TIME OF LATEST TRANSACTION
control field 20180118124858.0
008 - FIXED-LENGTH DATA ELEMENTS--GENERAL INFORMATION
fixed length control field 180118b xxu||||| |||| 00| 0 eng d
020 ## - INTERNATIONAL STANDARD BOOK NUMBER
International Standard Book Number 1860944647
020 ## - INTERNATIONAL STANDARD BOOK NUMBER
International Standard Book Number 9781860944642
082 ## - DEWEY DECIMAL CLASSIFICATION NUMBER
Classification number 523.2
100 1# - MAIN ENTRY--PERSONAL NAME
Personal name Cole, George H. A.
9 (RLIN) 8759
245 10 - TITLE STATEMENT
Title Wandering stars :
Remainder of title about planets and exo-planets, an introductory notebook /
Statement of responsibility, etc. George H. A. Cole.
260 ## - PUBLICATION, DISTRIBUTION, ETC.
Place of publication, distribution, etc. [S.l.] :
Name of publisher, distributor, etc. Imperial College Press,
Date of publication, distribution, etc. 2006.
300 ## - PHYSICAL DESCRIPTION
Extent 504 p. ;
Dimensions 25 cm.
700 ## - ADDED ENTRY--PERSONAL NAME
Personal name Cole, George H. A.
9 (RLIN) 8759
942 ## - ADDED ENTRY ELEMENTS (KOHA)
Institution code [OBSOLETE] SNS
Koha item type Book
Call number prefix 523.2 COL
Source of classification or shelving scheme
Holdings
Withdrawn status Lost status Damaged status Not for loan Permanent Location Current Location Date acquired Total Checkouts Full call number Barcode Date last seen Date last checked out Price effective from Koha item type
        School of Natural Sciences (SNS) School of Natural Sciences (SNS) 05/26/2016 1 523.2 COL SNS0001216 10/20/2017 10/05/2017 05/26/2016 Book
© 2023 Central Library, National University of Sciences and Technology. All Rights Reserved.